00460nam a2200157Ia 450000500170000000800410001702000150005808200130007310000120008624500270009826000450012530000120017094200060018295200990018899900150028720250318163725.0240331s9999 xx 000 0 und d a8187477172 bCHEa894 aCheran, 0aUyir kollum varthaigal aNagercoilbKalachuvadu pathippagamc2001 a223 p., cL 001040708LaWERCLbWERCLcSSCd2024-03-31l0o 894.811 CHEp1960r2024-03-31w2024-03-31yL c3838d3838